FIFA 20 Players by requirement - Statistics

General Stats
  • This quiz has been taken 13 times
  • The average score is 5 of 10
Answer Stats
Reuirements Players % Correct
Top 5 polish players in PAS Zielinksi, Piszczek, Blaszczykowski, Lewandowski, Mierzejewski
100%
Liverpool players 75-79 rated Lallana, Origi, Clyne, Adrian, Minamino
82%
Gold defender from USA Brooks, Yedlin, Chandler, Long
64%
Dutch gold player with 90+ pace Elia, Promes, Malen
64%
Top 6 players from Ivory Coast in PAS Seri, Pepe, Kalou, Gradel, Aurier, Gbamin
45%
Attacker (ST, CF, LW, RW) with 60+ DEF Acuna, Boateng, Mandzukic, Fuenzalida, Cordoba, Firmino
36%
Gold midfielder from Ireland Brady, Hendrick, McCarthy
36%
Exactly 90 in DRI Dybala, Coutinho, Thiago, Modric, Isco, Mbappe, Mertens, Verratti, Sancho
36%
CB with 73+ DRI Diallo, Ramos, Martinez, Hummels, Vertonghen, Thiago Silva, Lindelöf, Bartra
27%
Top 3 Premier League players in PHY Sissoko, Wesley, Kolasinac
9%
No matching quizzes found
Score Distribution
Percent of People with Each Score
Percentile by Number Answered
Your Score History
You have not taken this quiz